000 00574nam a22002057a 4500
008 150518b xxu||||| |||| 00| 0 eng d
020 _a9780078029318
020 _a0078029317
041 0 _aeng
080 _a658
100 1 _aDess, Gregory G. ;
245 0 0 _aStrategic management :
_cGregory G. Dess ... [et al.].
250 _a6th ed.
260 _aNew York :
_bMcGraw-Hill/Irwin,
_cc2012.
300 _a1 v. (various pagings) :
_bme il.;
_c26 cm.
650 0 _aOrganizimi
650 0 _aPlanifikimi
700 1 _aDess, Gregory G.
942 _2udc
_cBK
999 _c799
_d799